Problem frames: analysing and structuring software development problems

Bewaard in:
Bibliografische gegevens
Hoofdauteur: Jackson, Michael H (Auteur)
Formaat: Boek
Taal:Engels
Gepubliceerd in: Londres Pearson Education 2001
Onderwerpen:
Tags: Voeg label toe
Geen labels, Wees de eerste die dit record labelt!

MARC

LEADER 00000nam a2200000 a 4500
001 UCL2654
003 CL-VaPUC
008 031031e20010000UK |||||||||||||||||eng|d
020 |a 020159627X 
082 0 4 |a 005.1  |b JAC  |2 21 
100 |a Jackson, Michael H  |e author  |9 492238 
245 1 0 |a Problem frames: analysing and structuring software development problems 
300 |a 390 p 
942 |c BK 
945 |d 20031031 00:00:00  |a cmena 
260 |a Londres  |b Pearson Education  |c 2001 
650 0 |a Programación de computadores   |9 259531 
650 0 |a Diseño de software  |9 451623 
650 0 |a Software  |9 387312 
583 |a last modification  |c 20031031 00:00:00  |k Rodrigo Vera 
999 |c 305906  |d 305904 
952 |0 0  |1 0  |4 0  |6 005_100000000000000_JAC_2001  |7 0  |8 A  |9 370464  |a BIBING  |b BIBING  |d 2019-11-21  |i 3954099  |o 005.1 JAC 2001  |p 3954099  |r 2024-01-25  |w 2019-11-21  |y BK  |k EII